Statistics for Most populous cities in South America (top 20)

Click here to take the quiz!

General Stats

  • This quiz has been taken 26 times
  • The average score is 16 of 20

Answer Stats

RankCountryCity% Correct
2PeruLima
100%
5ChileSantiago
100%
3ColombiaBogota
96%
7ArgentinaBuenos Aires
96%
6VenezuelaCaracas
96%
4BrazilRio de Janeiro
96%
1BrazilSao Paulo
96%
9BrazilBrasilia
88%
12EcuadorQuito
88%
14ColombiaMedellin
79%
19BrazilRecife
75%
8BrazilSalvador
75%
13BrazilBelo Horizonte
71%
15ColombiaCali
71%
16BrazilManaus
71%
11EcuadorGuayaquil
67%
17BrazilCuritiba
58%
10BrazilFortaleza
58%
18VenezuelaMaracaibo
42%
20BoliviaSanta Cruz de la Sierra
38%

Score Distribution

Percentile by Number Answered

Percent of People with Each Score

Your Score History

You have not taken this quiz